Los modelos en trabajo social: intervención con personas y familias
সংরক্ষণ করুন:
| প্রধান লেখক: | |
|---|---|
| বিন্যাস: | গ্রন্থ |
| ভাষা: | স্প্যানিশ |
| প্রকাশিত: |
Madrid
Siglo XXI
1996
|
| সংস্করন: | 1a. ed |
| মালা: | Acción Social. Asistencia Social
|
| বিষয়গুলি: | |
| ট্যাগগুলো: |
ট্যাগ যুক্ত করুন
কোনো ট্যাগ নেই, প্রথমজন হিসাবে ট্যাগ করুন!
|
MARC
| LEADER | 00000nam a2200000 a 4500 | ||
|---|---|---|---|
| 001 | UCN6903 | ||
| 003 | CL-VaPUC | ||
| 008 | 011005e19960000SP |||||||||||||||||spa|d | ||
| 020 | |a 9788432309403 | ||
| 082 | 0 | 4 | |a 361.3 |b RAN |2 21 |
| 100 | 0 | |a Ranquet, Mathilde du |e author |9 462679 | |
| 245 | 1 | 4 | |a Los modelos en trabajo social: intervención con personas y familias |
| 250 | |a 1a. ed | ||
| 300 | |a 405 p | ||
| 942 | |c BK | ||
| 945 | |d 20011005 00:00:00 |a crobeson | ||
| 260 | |a Madrid |b Siglo XXI |c 1996 | ||
| 650 | 7 | |a TRABAJO SOCIAL - MODELOS |2 CL-VaPUC |9 462680 | |
| 650 | 0 | |a Acción social |9 307836 | |
| 650 | 0 | |a Servicio social |9 307999 | |
| 650 | 7 | |a TRABAJO SOCIAL INDIVIDUAL |2 CL-VaPUC |9 462681 | |
| 650 | 7 | |a TRABAJO SOCIAL FAMILIAR |2 CL-VaPUC |9 422718 | |
| 583 | |a last modification |c 20011005 00:00:00 |k Rodrigo Vera | ||
| 490 | 0 | |a Acción Social. Asistencia Social | |
| 999 | |c 297469 |d 297467 | ||
| 952 | |0 0 |1 0 |4 0 |6 361_300000000000000_RAN_1996 |7 0 |8 A |9 352239 |a BIBGIM |b BIBGIM |d 2019-11-21 |i 3674746 |l 1 |o 361.3 RAN 1996 |p 3674746 |r 2025-01-15 |s 2023-10-17 |w 2019-11-21 |y BK |k SSL | ||
| 952 | |0 0 |1 0 |4 0 |6 361_300000000000000_RAN_1996 |7 0 |8 A |9 352240 |a BIBGIM |b BIBGIM |d 2019-11-21 |i 4564189 |l 3 |o 361.3 RAN 1996 |p 4564189 |r 2025-01-15 |s 2024-10-14 |w 2019-11-21 |y BK |k SSL | ||
| 952 | |0 0 |1 0 |4 0 |6 361_300000000000000_RAN_1996 |7 0 |8 A |9 352241 |a BIBGIM |b BIBGIM |d 2019-11-21 |i 4571851 |l 5 |m 1 |o 361.3 RAN 1996 |p 4571851 |r 2025-01-15 |s 2024-11-12 |w 2019-11-21 |y BK |k SSL | ||
| 952 | |0 0 |1 0 |4 0 |6 361_300000000000000_RAN_1996 |7 0 |8 A |9 352242 |a BIBGIM |b BIBGIM |d 2019-11-21 |i 457186K |l 7 |o 361.3 RAN 1996 |p 457186K |r 2025-01-15 |s 2024-12-10 |w 2019-11-21 |y BK |k SSL | ||
| 952 | |0 0 |1 0 |4 0 |6 361_300000000000000_RAN_1996 |7 0 |8 A |9 352243 |a BIBGIM |b BIBGIM |d 2019-11-21 |i 4618270 |l 1 |m 1 |o 361.3 RAN 1996 |p 4618270 |r 2025-01-15 |s 2023-10-17 |w 2019-11-21 |y BK |k MTS | ||
| 952 | |0 0 |1 0 |4 0 |6 361_300000000000000_RAN_1996 |7 0 |8 A |9 352244 |a BIBGIM |b BIBGIM |d 2019-11-21 |i 4618289 |l 1 |o 361.3 RAN 1996 |p 4618289 |r 2025-01-15 |s 2023-10-20 |w 2019-11-21 |y BK |k MTS | ||
| 952 | |0 0 |1 0 |4 0 |6 361_300000000000000_RAN_1996 |7 0 |8 A |9 352245 |a BIBGIM |b BIBGIM |d 2019-11-21 |i 4756916 |l 13 |m 2 |o 361.3 RAN 1996 |p 4756916 |q 2025-05-12 |r 2025-05-05 |s 2025-05-05 |w 2019-11-21 |y BK |k SSL | ||
| 952 | |0 0 |1 0 |4 0 |6 361_300000000000000_RAN_1996 |7 0 |8 A |9 352246 |a BIBGIM |b BIBGIM |d 2019-11-21 |i 4756924 |l 4 |m 3 |o 361.3 RAN 1996 |p 4756924 |r 2025-01-15 |s 2024-10-25 |w 2019-11-21 |y BK |k SSL | ||